Industrial relations in public sector enterprises in India : A special study of public sector units in Naini Allahabad (Record no. 15649)

MARC details
000 -LEADER
fixed length control field 00558nam a2200157Ia 4500
082 ## - DEWEY DECIMAL CLASSIFICATION NUMBER
Classification number TR.0277
100 ## - MAIN ENTRY--AUTHOR NAME
Personal name Raj, Aparna
245 #0 - TITLE STATEMENT
Title Industrial relations in public sector enterprises in India : A special study of public sector units in Naini Allahabad
260 ## - PUBLICATION, DISTRIBUTION, ETC. (IMPRINT)
Year of publication 1993
Name of publisher Bundelkhand University
300 ## - PHYSICAL DESCRIPTION
Number of Pages 327p. + C D - 32
650 ## - SUBJECT ADDED ENTRY--TOPICAL TERM
Topical Term INDUSTRIAL RELATIONS - INDIA
650 ## - SUBJECT ADDED ENTRY--TOPICAL TERM
Topical Term INDUSTRIAL RELATIONS - UTTAR PRADESH - ALLAHABAD - NAINI
650 ## - SUBJECT ADDED ENTRY--TOPICAL TERM
Topical Term PUBLIC SECTOR - UTTAR PRADESH - ALLAHABAD - NAINI
710 ## - ADDED ENTRY--CORPORATE NAME
Corporate name or jurisdiction name as entry element Agrawal, D.C.
942 ## - ADDED ENTRY ELEMENTS (KOHA)
Koha item type Thesis
Source of classification or shelving scheme Dewey Decimal Classification
Holdings
Withdrawn status Lost status Damaged status Not for loan Home library Current library Date acquired Bill Date Full call number Accession Number Price effective from Koha item type
        NASSDOC Library NASSDOC Library 08/10/2004 2008-12-30 TR.0277 33073 18/04/2019 Thesis